| 000 | 00893cam a2200229 4500 | ||
|---|---|---|---|
| 001 | ABS65617 | ||
| 008 | 020701n2002 000 0 eng u | ||
| 035 | _a(Sirsi) u118602 | ||
| 100 | _aBazlinton, C. | ||
| 245 | _aSouth Specific | ||
| 260 | _c2002 | ||
| 490 | _aBuilding Homes | ||
| 520 | _aGive details of housing association development activity. Comments that north-south divide is evident in this area as it is with house prices. Notes that the allocation of money to some housing associations such as the Peabody Trust is much lower than last year. With table of top 50 housing associations and details of the likely areas to watch this year. | ||
| 590 | _aABS | ||
| 650 | _aHOUSING ASSOCIATIONS | ||
| 650 | _aHOUSING DEVELOPMENTS | ||
| 650 | _aGRANT ALLOCATION | ||
| 650 | _aPEABODY TRUST | ||
| 650 | _aNORTH-SOUTH DIVIDE | ||
| 690 | _aHOUSING-DEVELOPMENT | ||
| 942 | _n0 | ||
| 999 |
_c70623 _d70623 |
||